All the Katakanas - Yellow Box - Statistics

General Stats
  • This quiz has been taken 18 times
    17 since last reset
  • The average score is 19 of 20
Answer Stats
Katakana Rōmaji % Correct
a
100%
be
100%
bi
100%
chi
100%
da
100%
de
100%
e
100%
fu
100%
ga
100%
go
100%
gu
100%
ha
100%
hi
100%
ho
100%
i
100%
ji
100%
ji
100%
ka
100%
ke
100%
ki
100%
ko
100%
ku
100%
ma
100%
mi
100%
mo
100%
mu
100%
n
100%
ni
100%
nu
100%
o
100%
pa
100%
pi
100%
po
100%
pu
100%
ri
100%
ro
100%
ru
100%
se
100%
shi
100%
so
100%
su
100%
ta
100%
te
100%
to
100%
tsu
100%
u
100%
yo
100%
yu
100%
za
100%
zo
100%
zu
100%
zu
100%
gi
86%
bu
83%
ge
83%
ba
80%
he
80%
na
80%
ne
75%
pe
75%
ra
75%
sa
75%
ya
75%
ze
75%
do
67%
no
67%
re
67%
wo
67%
me
60%
wa
60%
bo
0%
No matching quizzes found
Score Distribution
Percent of People with Each Score
Percentile by Number Answered
Your Score History
You have not taken this quiz since the last reset